Представление документа в формате RUSMARC

ПолеНазваниеЗначение
  Тип записи a
  Библиографический уровень m
001 Контрольный номер RU\NLR\BIBL_A\011555897
005 Дата корректировки 20201206205128.0
010 Индекс ISBN __
a ISBN 978-5-17-983232-4 (в пер.)
010 Индекс ISBN __
a ISBN 978-5-17-105577-6 (в пер.)
d Цена 588-00, 2000 экз.
021 № государственной регистрации __
b № документа 2017-89301
100 Данные общей обработки __
a Данные общей обработки 19180528d2017||||||| 0rusy0189 ca
101 Язык документа 0_
a Язык текста rus
102 Страна публикации __
a Страна публикации ru
102 Страна публикации __
a Страна публикации RU
105 Кодированные данные (монография) __
a Кодированные данные (монография) ao||e|||000zy
200 Заглавие и сведения об ответственности 1_
a Заглавие Динозавры
e Сведения, относящиеся к заглавию [для среднего и старшего школьного возраста]
f Первые сведения об ответственности В. В. Ликсо, М. Д. Филиппова, Е. О. Хомич
b Общее обозначение материала Текст
210 Выходные данные __
a Место издания Москва
c Издательство АСТ
d Дата издания 2017
215 Физическое описание __
a Объем 127 с.
c Иллюстрации/тип воспроизводства цв. ил., фот.
d Формат 26 см
225 Серия __
a Серия Большая 3D-энциклопедия
225 Серия __
a Серия Уникальная детская энциклопедия с дополненной реальностью
300 Общие примечания __
a Общие примечания Заглавие на обложке: Все о динозаврах
330 Аннотация __
a Аннотация Динозавры, загадочные гиганты, населявшие нашу планету в доисторические времена, просто поражают воображение. Хотите познакомиться с ними поближе? Узнать, кто из них самый большой, а кто самый маленький? Как и зачем они путешествовали? И почему все-таки исчезли? Откройте страницы нашей книги, и вам откроются многие секреты. Ведь перед вами не обычная энциклопедия: это - книга с дополненной реальностью в формате интерактивных 3D-игр. Она предоставляет вам уникальную возможность не только познакомиться с динозаврами, читая о них и рассматривая красочные иллюстрации, но и увидеть этих загадочных ящеров в движении и объеме. По вашему желанию птеродактиль начнет перелетать с дерева на дерево, смышленый велоцераптор отправится на охоту и даже попытается вас укусить, а трицератопс на ваших глазах порвет своим рогом страницу этой книги. И, наконец, главное: у вас есть уникальная возможность сделать фото на память с самим королем динозавров - тираннозавром. Управлять могучими гигантами вы сможете сами при помощи планшета или смартфона с установленным бесплатным приложением ASTAR. Наша уникальная детская энциклопедия с дополненной реальностью и интерактивными 3D-играми сделает ваше чтение увлекательной и познавательной игрой.
512 Заглавие обложки __
a Заглавие обложки Все о динозаврах
606 Тематические рубрики __
a Основная рубрика Биология
606 Тематические рубрики __
a Основная рубрика Палеонтология
610 Ключевые слова __
a Ключевые слова 3D-игры
610 Ключевые слова __
a Ключевые слова 3D-изображения
610 Ключевые слова __
a Ключевые слова вымершие животные
610 Ключевые слова __
a Ключевые слова детская литература
610 Ключевые слова __
a Ключевые слова динозавры
610 Ключевые слова __
a Ключевые слова доисторические животные
610 Ключевые слова __
a Ключевые слова ископаемые животные
610 Ключевые слова __
a Ключевые слова познавательная литература
610 Ключевые слова __
a Ключевые слова трехмерные изображения
610 Ключевые слова __
a Ключевые слова хищники
610 Ключевые слова __
a Ключевые слова хищные животные
610 Ключевые слова __
a Ключевые слова ящеры
686 Индексы других классификаций __
2 Код системы rubbks
a Классификационный индекс ст28.1я2
700 Автор _1
a Фамилия Ликсо
b Имя В. В.
g Полное личное имя Вячеслав Владимирович
4 Код отношения 070
701 Альтернативная интеллектуальная ответственность _1
a Фамилия Филиппова
b Имя М. Д.
c Титул (звания) популяризатор
g Полное личное имя Мира Дмитриевна
4 Код отношения 070
701 Альтернативная интеллектуальная ответственность _1
a Фамилия Хомич
b Имя Е. О.
g Полное личное имя Елена Олеговна
4 Код отношения 070
801 Источник записи _0
a Страна ru
b Организация NLR
c Дата составления 20180528
g Правила каталогизации rpk
801 Источник записи _2
a Страна ru
b Организация Муниципальное бюджетное учреждение культуры "Централизованная библиотечная система" г. Сургут (Центральная городская библиотека им. А. С. Пушкина)
c Дата составления 20180528
852 Данные о местонахождении __
j Шифр хранения ст28.1я2
i Авторский знак Л 56
901 Тип документа __
t Тип документа m
a Ответственный КиК/Лукашук
903 Характеристики (МАРС) __
a Дата передачи 20180528
969 Тип издания __
a Тип издания энциклопедия
990 Данные о заказе (DOS) __
j Количество экземпляров (DOS) 1
t N записи в КСУ для И/У (DOS) 201805